|
|
|
|
| LEADER |
01038nam a22002297a 4500 |
| 001 |
4512 |
| 003 |
BD-DhAAL |
| 005 |
20180409114905.0 |
| 008 |
140212b1909 ii ||||| |||| 00| 1 ben d |
| 999 |
|
|
|c 14167
|d 14167
|
| 040 |
|
|
|a BD-DhAAL
|c BD-DhAAL
|
| 082 |
|
|
|2 22
|a 891.4437
|
| 100 |
|
|
|a ঠাকুর, রবীন্দ্রনাথ
|9 3812
|
| 245 |
|
|
|a রবীন্দ্র-রচনাবলী,
|n ষড়বিংশ খণ্ড
|
| 260 |
|
|
|a কলিকাতা :
|b বিশ্বভারতী,
|c ১৯০৯
|
| 300 |
|
|
|a ৬৬৯ পৃষ্ঠা ;
|c ২৪ সে. মি.
|
| 541 |
|
|
|e 4512
|
| 600 |
|
|
|a Tagore, Rabindranath,
|x Fiction.
|y 1861-1941
|9 2544
|
| 600 |
|
|
|a ঠাকুর, রবীন্দ্রনাথ
|x রচনাবলী
|y ১৮৬১-১৯৪১
|9 2545
|
| 852 |
|
|
|a Ayesha Abed Library
|c General Stacks
|
| 942 |
|
|
|2 ddc
|c BK
|
| 952 |
|
|
|0 0
|1 0
|2 ddc
|4 0
|6 891_443700000000000_TAG
|7 0
|9 23884
|a BRACUL
|b BRACUL
|c GEN
|d 2014-02-12
|g 144.00
|l 2
|m 13
|o 891.4437 TAG
|p 3010004512
|r 2014-05-12
|s 2014-02-12
|t 1
|w 2014-02-12
|y BK
|